Normal view
MARC view
- Khurram, Rooha
Entry Personal Name
001 - CONTROL NUMBER
- control field: 16459
003 - CONTROL NUMBER IDENTIFIER
- control field: NUST
005 - DATE AND TIME OF LATEST TRANSACTION
- control field: 20190703052851.0
008 - FIXED-LENGTH DATA ELEMENTS
- fixed length control field: 190703|| aca||aabn | a|a d
040 ## - CATALOGING SOURCE
- Original cataloging agency: NUST
- Transcribing agency: NUST
100 ## - HEADING--PERSONAL NAME
- Personal name: Khurram, Rooha
670 ## - SOURCE DATA FOUND
- Source citation: Work cat.: (NUST): Khurram, Rooha, Synthesis and Characterization of a-Fe2O3 based Nanocomposites for Photocatalytic Water Purification /, 2018.
